000 01098nam a2200229Ia 4500
003 OSt
005 20200921155103.0
008 191128s1992 mx a er 000 0 spa d
020 _a9684518315
040 _aCO-JMCR
_cCO-JMCR
041 _aspa
082 0 4 _aR /
_b658 B582b
100 _aEquipo de Consultores Editoriales de McGraw-Hill,
_ecompiladores
_910594
245 0 _aBiblioteca práctica de negocios :
_bmercadotecnia /
_ccompilado por el equipo de consultores editoriales de McGraw-Hill ; revisión técnica José I. Gil Mendoza, Marcia González Osuna, Rafael Mirafuentes Magdaleno [y otros 4]
260 _aBogotá :
_bMcGraw-Hill,
_c©1992
300 _a265 páginas :
_bgráficos a color ;
_c24 cm.
500 _aIncluye índice analítico
505 _aLa mercadotecnia moderna -- El mercado meta -- El producto -- El sistema de precios -- Distribución -- Actividades de promoción -- Mercadotecnia especializada -- Planeación y evaluación del esfuerzo de mercadotecnia
546 _aTraducido del inglés
650 1 4 _aAdministración de empresas
_910606
942 _2ddc
_cBK
999 _c4490
_d4490